Statistics for US Cities by Interstate Hwy intersection

Click here to take the quiz!

General Stats

  • This quiz has been taken 794 times
    (226 since last reset)
  • The average score is 10 of 14

Answer Stats

Interstate Hwys City % Correct
90, 94, 88, 80, 55, 57, 65Chicago
91%
5, 90Seattle
87%
5, 8, 15San Diego
86%
5, 10, 15Los Angeles
84%
87, 95, 80, 78New York City
78%
20, 30, 35, 45Dallas/Ft. Worth
74%
10, 45, 69Houston
73%
20, 75, 85Atlanta
71%
70, 76, 25Denver
70%
66, 95Washington
68%
94, 35Minneapolis/St. Paul
66%
94, 96, 75Detroit
64%
90, 80, 71, 77Cleveland
63%
24, 40, 65Nashville
60%

Score Distribution

Percentile by Number Answered

Percent of People with Each Score

Your Score History

You have not taken this quiz since the last reset